Sobre las maneras de tratar científicamente el Derecho natural / (Record no. 78810)

MARC details
000 -LEADER
campo de control de longitud fija 00608nam a2200181 i 4500
001 - NÚMERO DE CONTROL
campo de control 78810
003 - IDENTIFICADOR DE NÚMERO DE CONTROL
campo de control ES-MaACL
005 - FECHA Y HORA DE LA ÚLTIMA TRANSACCIÓN
campo de control 20230906173826.0
007 - CAMPO FIJO DE DESCRIPCIÓN FÍSICA--INFORMACIÓN GENERAL
campo de control de longitud fija t|
008 - DATOS DE LONGITUD FIJA--INFORMACIÓN GENERAL
campo de control de longitud fija 041018s1979 sp ||||1| spa d
100 1# - ENTRADA PRINCIPAL--NOMBRE DE PERSONA
Nombre de persona Hegel, Georg Wilhelm Friedrich.
9 (RLIN) 62316
245 10 - MENCIÓN DEL TÍTULO
Título Sobre las maneras de tratar científicamente el Derecho natural /
Mención de responsabilidad, etc. G.W.F. Hegel ; introducción, traducción y notas de Dalmacio Negro Pavón.
250 ## - MENCION DE EDICION
Mención de edición [1ª ed.].
260 ## - PUBLICACIÓN, DISTRIBUCIÓN, ETC.
Lugar de publicación, distribución, etc. [Madrid] :
Nombre del editor, distribuidor, etc. Aguilar,
Fecha de publicación, distribución, etc. [1979]
300 ## - DESCRIPCIÓN FÍSICA
Extensión LI, 179 p. ;
Dimensiones 19 cm.
700 1# - ENTRADA AGREGADA--NOMBRE PERSONAL
Nombre de persona Negro Pavón, Dalmacio.
9 (RLIN) 85316
852 ## - LOCALIZACIÓN
Ubicación ES-MaACL
Número de control de estantería A-10678
Sublocalización o colección R.99871
Holdings
Estatus retirado Estado de pérdida Estado de daño No para préstamo Biblioteca de origen Biblioteca actual Ubicación en estantería Fecha de adquisición Fuente de adquisición Total de préstamos Signatura topográfica completa Código de barras Visto por última vez Precio de reemplazo Tipo de ítem Koha
        Biblioteca del Ateneo de Madrid Biblioteca del Ateneo de Madrid Depósito 1 17/01/2008     A-10678 1082423 23/02/2023 23/02/2023 Libro impreso